000 00678nam a2200229 i 4500
001 8594
003 ES-MaACL
005 20230906145508.0
007 t|
008 920812s1991 sp ||||1| spa d
020 _a84-87311-01-6
080 _a86-14"19"
080 _a86(Rodríguez Búrdalo,J.C.7 A.01)
100 1 _aRodríguez Búrdalo, Juan Carlos.
_998388
245 1 0 _aAl sur de las estrellas /
_cJuan Carlos Rodríguez Búrdalo.
260 _aMadrid :
_bBeturia,
_c1991.
300 _a67 p. :
_bil. ;
_c21 cm.
490 1 _aColección Dávila ;
_v5
830 0 _aColección Dávila ;
_v5
_9178429
852 _aES-MaACL
_jL-16169
_bR.119416
999 _c8594
_d8594